W & R R Adam Ltd v G E Linley (VO) (Record no. 60136)

MARC details
000 -LEADER
fixed length control field 00562cam a2200169 4500
001 - CONTROL NUMBER
control field T100527
008 - FIXED-LENGTH DATA ELEMENTS--GENERAL INFORMATION
fixed length control field 000000n1958 000 0 eng u
035 ## - SYSTEM CONTROL NUMBER
System control number (Sirsi) u100527
110 ## - MAIN ENTRY--CORPORATE NAME
Corporate name or jurisdiction name as entry element England and Wales
Subordinate unit Lands Tribunal
9 (RLIN) 1252
245 ## - TITLE STATEMENT
Title W & R R Adam Ltd v G E Linley (VO)
260 ## - PUBLICATION, DISTRIBUTION, ETC.
Date of publication, distribution, etc. 1958
520 ## - SUMMARY, ETC.
Summary, etc. LVC/1421/1957. 4 Dec 1958. Reported as 173 EG 213. Stored in offsite archive. Please ask Library for further details.
650 ## - SUBJECT ADDED ENTRY--TOPICAL TERM
Topical term or geographic name entry element W & R R ADAM LTD V LINLEY
650 ## - SUBJECT ADDED ENTRY--TOPICAL TERM
Topical term or geographic name entry element RATING APPEAL
690 ## - LOCAL SUBJECT ADDED ENTRY--TOPICAL TERM (OCLC, RLIN)
Topical term or geographic name as entry element RATING AND VALUATION-CASE LAW
942 ## - ADDED ENTRY ELEMENTS (KOHA)
Suppress in OPAC 0
Holdings
Withdrawn status Lost status Source of classification or shelving scheme Damaged status Not for loan Home library Current library Shelving location Date acquired Total Checkouts Full call number Barcode Date last seen Copy number Price effective from Koha item type
    Dewey Decimal Classification     London London Basement 18/10/1999   ARCHIVE 30059516 06/08/2019 1 06/08/2019 Archive